000 00626nam a22001697a 4500
005 20251108164050.0
008 250721s1989 xx 000 0 ara d
082 1 4 _a323.4/منظ
245 1 0 _aتقرير منظمة العفو الدولية لعام 1990 :
_bيغطي هذا التقرير الفترة بين كانون الثاني /
264 1 _aلندن :
_bمنظمة العفو الدولية،
_c1989.
300 _a297ص
650 1 7 _aالمنظمات الدولية
650 1 7 _aحقوق الإنسان
710 2 _aمنظمة العفو الدولية ( لندن : 1990 )
942 _2ddc
_cBK
999 _c2712
_d2712